Sports Quiz

Random Sports or Baseball Quiz
Score 0/8 Timer 03:00
0 Plays Today
Major-League Affiliation Team % Correct
AngelsOrem Owlz
91.1%
RockiesGrand Junction Rockies
88.9%
BrewersHelena Brewers
88.9%
DodgersOgden Raptors
84.4%
DiamondbacksMissoula Osprey
77.8%
RedsBillings Mustangs
75.6%
White SoxGreat Falls Voyagers
73.3%
RoyalsIdaho Falls Chukars
73.3%
Remove Ads.
Support Sporcle.
Get the best of Sporcle when you Go Orange. This ad-free experience offers more features, more stats, and more fun while also helping to support Sporcle. Thank you for becoming a member.

You're not logged in!

Compare scores with friends on all Sporcle quizzes.
OR
Log In

Show Comments

Extras

Top Quizzes Today


Score Distribution

Your Account Isn't Verified!

In order to create a playlist on Sporcle, you need to verify the email address you used during registration. Go to your Sporcle Settings to finish the process.

Report this User

Report this user for behavior that violates our Community Guidelines.

Details: